[Event "Sydney NSW op"]
[Site "Sydney"]
[Date "2023.06.10"]
[Round "2"]
[White "Finke, Kelvin"]
[Black "Lane, Gary William"]
[Result "0-1"]
[WhiteElo "1891"]
[BlackElo "2335"]
[PlyCount "130"]
[EventDate "2023.06.10"]
[EventType "swiss"]
[EventRounds "7"]
[EventCountry "AUS"]
[SourceTitle "CBM 214 Extra"]
[Source "ChessBase"]
[SourceDate "2023.07.31"]
[SourceVersion "1"]
[SourceVersionDate "2023.07.31"]
[SourceQuality "1"]

1. d4 d5 2. Bf4 Nf6 3. e3 e6 4. Nf3 Bd6 5. Ne5 0-0 6. Nd2 c5 7. c3 Nc6 8. Bd3 Qc7 9. Ndf3 Ne4 10. Qc2 f5 11. Nxc6 Bxf4 12. exf4 bxc6 13. g3 cxd4 14. cxd4 Qa5+ 15. Nd2 Rb8 16. Bxe4 fxe4 17. 0-0 Qb4 18. Qc3 Qxb2 19. Qxb2 Rxb2 20. Nb3 g5 21. Rfb1 Rxb1+ 22. Rxb1 gxf4 23. gxf4 Ba6 24. Nc5 Bd3 25. Rb7 Rxf4 26. h3 Rf7 27. Rb8+ Kg7 28. Nxe6+ Kf6 29. Nc5 Rg7+ 30. Kh2 Be2 31. Rf8+ Ke7 32. Rc8 Rg6 33. Rc7+ Ke8 34. Rc8+ Kf7 35. Rc7+ Kg8 36. h4 Bf3 37. Kh3 a5 38. Nd7 Bg4+ 39. Kh2 Bxd7 40. Rxd7 Rf6 41. Kg2 Rf3 42. Rc7 Rd3 43. Rxc6 Rxd4 44. Rc5 a4 45. Kg3 Kf7 46. Kf4 Ke6 47. Rc6+ Kd7 48. Ra6 Rd2 49. Rxa4 Rxf2+ 50. Ke5 Rd2 51. Ra7+ Kc6 52. Rxh7 Rxa2 53. Kd4 Ra4+ 54. Ke3 Ra3+ 55. Kd4 Rd3+ 56. Ke5 e3 57. Kf4 d4 58. Re7 Rd2 59. Kf3 Kd5 60. Rd7+ Kc4 61. Re7 Kd3 62. h5 Rh2 63. Re5 e2 64. Kg3 Rh1 65. Kf2 Rf1+ 0-1

[Event "Auckland Wade Masters"]
[Site "Auckland"]
[Date "2023.01.16"]
[Round "4"]
[White "Xie, Felix"]
[Black "Lane, Gary William"]
[Result "1/2-1/2"]
[WhiteElo "2103"]
[BlackElo "2343"]
[PlyCount "50"]
[EventDate "2023.01.14"]
[EventType "tourn"]
[EventRounds "9"]
[EventCountry "NZL"]
[SourceTitle "CBM 212 Extra"]
[Source "ChessBase"]
[SourceDate "2023.03.31"]
[SourceVersion "1"]
[SourceVersionDate "2023.03.31"]
[SourceQuality "1"]

1. d4 d5 2. c4 dxc4 3. Nf3 Nf6 4. e3 a6 5. Bxc4 e6 6. 0-0 b5 7. Bb3 Bb7 8. a4 b4 9. Nbd2 Nbd7 10. Qe2 c5 11. Rd1 Be7 12. Bc4 0-0 13. e4 cxd4 14. e5 Nd5 15. Nb3 N5b6 16. Bf4 Nxc4 17. Qxc4 Bd5 18. Qd3 Nc5 19. Nxc5 Bxc5 20. Ng5 g6 21. Rac1 Be7 22. Ne4 Bxe4 23. Qxe4 Rc8 24. Rxc8 Qxc8 25. Rxd4 Rd8 1/2-1/2

[Event "Sydney NSW op"]
[Site "Sydney"]
[Date "2022.06.12"]
[Round "3"]
[White "Banerjee, Niki"]
[Black "Lane, Gary William"]
[Result "0-1"]
[WhiteElo "2077"]
[BlackElo "2332"]
[PlyCount "94"]
[EventDate "2022.06.11"]
[EventType "swiss"]
[EventRounds "7"]
[EventCountry "AUS"]
[SourceTitle "CBM 208 Extra"]
[Source "ChessBase"]
[SourceDate "2022.07.31"]
[SourceVersion "1"]
[SourceVersionDate "2022.07.31"]
[SourceQuality "1"]

1. d4 f5 2. Bg5 g6 3. Nc3 Bg7 4. e3 Nf6 5. Bd3 d5 6. h4 h6 7. Bf4 Be6 8. Nf3 c5 9. dxc5 Nbd7 10. Nb5 Rc8 11. Nbd4 Bf7 12. Ne5 Nxe5 13. Bxe5 Qa5+ 14. c3 Qxc5 15. g4 fxg4 16. Qa4+ Kf8 17. Bxg6 h5 18. Bf5 Re8 19. 0-0-0 e6 20. Bd3 a6 21. Kb1 Rd8 22. f3 gxf3 23. Rhf1 Ng4 24. Rxf3 Qe7 25. Bg3 Kg8 26. Rdf1 Be8 27. Qb3 Be5 28. Bxe5 Nxe5 29. Rg3+ Ng4 30. Qd1 Rh6 31. Qf3 Kg7 32. Qf4 Bg6 33. Rxg4 hxg4 34. Qxg4 Kh7 35. Qxg6+ Rxg6 36. h5 Kg7 37. hxg6 Rf8 38. Rh1 Rh8 39. Rf1 Rf8 40. Rh1 Kf6 41. Rh7 Qd6 42. Kc2 Kg5 43. g7 Rg8 44. Nf3+ Kf6 45. Rh6+ Kxg7 46. Rg6+ Kf8 47. Nh4 Qh2+ 0-1

[Event "Doeberl Cup 59th"]
[Site "Canberra"]
[Date "2022.04.18"]
[Round "9"]
[White "Lane, Gary William"]
[Black "Cheng, Bobby Sky"]
[Result "1/2-1/2"]
[WhiteElo "2332"]
[BlackElo "2547"]
[PlyCount "104"]
[EventDate "2022.04.14"]
[EventType "swiss"]
[EventRounds "9"]
[EventCountry "AUS"]
[SourceTitle "CBM 207 Extra"]
[Source "ChessBase"]
[SourceDate "2022.05.31"]
[SourceVersion "1"]
[SourceVersionDate "2022.05.31"]
[SourceQuality "1"]

1. e4 c6 2. d4 d5 3. e5 c5 4. dxc5 e6 5. a3 Bxc5 6. Nf3 a6 7. Bd3 Nc6 8. b4 Ba7 9. 0-0 Nge7 10. Bb2 Ng6 11. Re1 0-0 12. Nbd2 Qb6 13. Rf1 Nf4 14. Nb3 Qd8 15. Qd2 Nxd3 16. Qxd3 Bd7 17. Rfe1 Rc8 18. Rad1 Rc7 19. Qd2 Qe7 20. Qf4 Rfc8 21. Rd2 Qf8 22. g4 Bb6 23. h4 Na7 24. Bd4 Rc4 25. Qg3 Bxd4 26. Nfxd4 b6 27. f4 Nb5 28. Nxb5 Bxb5 29. Nd4 Ba4 30. f5 Bxc2 31. fxe6 fxe6 32. Nxe6 Qe7 33. Nd4 Rc3 34. Re3 Rxe3 35. Qxe3 Be4 36. Qg5 Rc1+ 37. Kh2 Qc7 38. Rf2 h6 39. Qf4 Rh1+ 40. Kg3 Rg1+ 41. Kh2 Rh1+ 42. Kg3 Rg1+ 43. Kh2 Re1 44. e6 Rh1+ 45. Kg3 Rg1+ 46. Kh2 Rh1+ 47. Kg3 Rg1+ 48. Kh2 Rh1+ 49. Kg3 Rg1+ 50. Kh2 Rh1+ 51. Kg3 Rg1+ 52. Kh2 Rh1+ 1/2-1/2

[Event "Doeberl Cup 58th"]
[Site "Canberra"]
[Date "2021.04.01"]
[Round "2"]
[White "Melkumyan, Hrant"]
[Black "Lane, Gary William"]
[Result "1-0"]
[WhiteElo "2663"]
[BlackElo "2353"]
[PlyCount "75"]
[EventDate "2021.04.01"]
[EventType "swiss"]
[EventRounds "9"]
[EventCountry "AUS"]
[SourceTitle "EXT 2023"]
[Source "ChessBase"]
[SourceDate "2022.10.05"]
[SourceVersion "1"]
[SourceVersionDate "2022.10.05"]
[SourceQuality "1"]

1. c4 e5 2. e3 Nc6 3. Nc3 g6 4. Nf3 Bg7 5. d4 d6 6. Be2 f5 7. 0-0 Nh6 8. Rb1 0-0 9. b4 a6 10. b5 axb5 11. cxb5 Ne7 12. dxe5 dxe5 13. Qb3+ Kh8 14. Rd1 Qe8 15. Ba3 Be6 16. Qb4 Bf6 17. Bb2 b6 18. a4 g5 19. Bc4 c5 20. Qb3 Bg8 21. Rd6 g4 22. Rxf6 Rxf6 23. Nxe5 Kg7 24. Ne2 Kf8 25. Nf4 Rd6 26. Bxg8 Nexg8 27. Nc4 Qe4 28. Bg7+ Kxg7 29. Nxd6 Qxa4 30. Qc3+ Kf8 31. Ne6+ Ke7 32. Qe5 Kd7 33. Nc4 Qxc4 34. Rd1+ Ke7 35. Ng5+ Kf8 36. Nxh7+ Kf7 37. Rd7+ Kg6 38. Rg7+ 1-0

[Event "GBR-ch 106th"]
[Site "Torquay"]
[Date "2019.08.03"]
[Round "8"]
[White "Storey, Charles"]
[Black "Lane, Gary William"]
[Result "1-0"]
[WhiteElo "2261"]
[BlackElo "2364"]
[PlyCount "133"]
[EventDate "2019.07.27"]
[EventType "swiss"]
[EventRounds "9"]
[EventCountry "ENG"]
[SourceTitle "CBM 191 Extra"]
[Source "ChessBase"]
[SourceDate "2019.09.30"]
[SourceVersion "1"]
[SourceVersionDate "2019.09.30"]
[SourceQuality "1"]

1. c4 e5 2. g3 Nc6 3. Bg2 g6 4. e4 Bg7 5. Ne2 d6 6. Nbc3 f5 7. d3 Nf6 8. Bg5 h6 9. Bxf6 Bxf6 10. exf5 gxf5 11. Nd5 Bg7 12. Qb3 0-0 13. f4 Rb8 14. 0-0 Be6 15. Rae1 Qd7 16. fxe5 dxe5 17. Kh1 b5 18. Qc2 bxc4 19. dxc4 e4 20. b3 Bxd5 21. cxd5 Nb4 22. Qc4 Qxd5 23. Qxc7 Rb7 24. Qc4 Qxc4 25. bxc4 Rc7 26. Nf4 Rxc4 27. Ng6 Rf7 28. Rxf5 Nd3 29. Ref1 Rfc7 30. Nf4 Rc1 31. Nxd3 exd3 32. Rd5 Rxf1+ 33. Bxf1 Rc1 34. Kg1 Bf8 35. Rxd3 Bc5+ 36. Kg2 Rc2+ 37. Kh3 Rxa2 38. Rd7 Rf2 39. Bc4+ Kf8 40. Rd5 Bb6 41. Rh5 Kg7 42. Kg4 Rd2 43. Bd5 a5 44. h4 a4 45. Rf5 Rf2 46. Re5 Bd8 47. Re8 Rf8 48. Re4 a3 49. Re3 h5+ 50. Kh3 Rf5 51. Ba2 Ra5 52. Rd3 Be7 53. Re3 Bf6 54. Rd3 Be7 55. Rf3 Bf6 56. Kg2 Ra7 57. Rd3 Be7 58. Rf3 Bd6 59. Rd3 Be7 60. Kh3 Rb7 61. Re3 Bf8 62. Re5 Rb2 63. Bc4 Rb4 64. Rg5+ Kh6 65. Bf7 Bd6 66. Rg6+ Kh7 67. Rxd6 1-0

[Event "GBR-ch 106th"]
[Site "Torquay"]
[Date "2019.07.29"]
[Round "3"]
[White "Arkell, Keith C"]
[Black "Lane, Gary William"]
[Result "1-0"]
[WhiteElo "2461"]
[BlackElo "2364"]
[PlyCount "87"]
[EventDate "2019.07.27"]
[EventType "swiss"]
[EventRounds "9"]
[EventCountry "ENG"]
[SourceTitle "CBM 191 Extra"]
[Source "ChessBase"]
[SourceDate "2019.09.30"]
[SourceVersion "1"]
[SourceVersionDate "2019.09.30"]
[SourceQuality "1"]

1. d4 d5 2. Nf3 Nf6 3. c4 dxc4 4. e3 b5 5. a4 b4 6. Bxc4 e6 7. Nbd2 Bb7 8. 0-0 Be7 9. Qe2 Nbd7 10. b3 0-0 11. Bb2 c5 12. Rac1 Rc8 13. Ba6 Qb6 14. Bxb7 Qxb7 15. Nc4 cxd4 16. Bxd4 Nc5 17. Nfd2 Qd5 18. Rfd1 Rfd8 19. Bxc5 Qxc5 20. Qf3 h6 21. h3 e5 22. Ne4 Nxe4 23. Qxe4 Bf6 24. Qb7 g6 25. Kh2 Rc7 26. Qf3 Kg7 27. Rxd8 Bxd8 28. Rd1 Be7 29. Qe4 f6 30. g4 Kf7 31. Kg2 Qc6 32. Qxc6 Rxc6 33. Rd7 a6 34. Rb7 Ke6 35. e4 Bc5 36. Kf3 f5 37. Rg7 Kf6 38. Rxg6+ Kxg6 39. Nxe5+ Kg5 40. Nxc6 fxe4+ 41. Kxe4 Bxf2 42. Nxb4 a5 43. Nd3 Bb6 44. Kf3 1-0

[Event "Sydney NSW op"]
[Site "Sydney"]
[Date "2019.06.10"]
[Round "7"]
[White "Zhang, Jilin"]
[Black "Lane, Gary William"]
[Result "0-1"]
[WhiteElo "2247"]
[BlackElo "2364"]
[PlyCount "100"]
[EventDate "2019.06.08"]
[EventType "swiss"]
[EventRounds "7"]
[EventCountry "AUS"]
[SourceTitle "CBM 190 Extra"]
[Source "ChessBase"]
[SourceDate "2019.07.15"]
[SourceVersion "1"]
[SourceVersionDate "2019.07.15"]
[SourceQuality "1"]

1. e4 e5 2. Nf3 Nc6 3. d4 exd4 4. Nxd4 Nf6 5. Nxc6 bxc6 6. e5 Ne4 7. Bd3 Nc5 8. Bc4 Qh4 9. Qe2 Be7 10. 0-0 0-0 11. Nd2 d5 12. exd6 Bxd6 13. g3 Qh3 14. Re1 Bd7 15. Nb3 Rae8 16. Be3 Na4 17. Qd2 Qh5 18. Qa5 c5 19. Bb5 Nb6 20. Be2 Qf5 21. Bxc5 Qxc2 22. Rac1 Qg6 23. Bxd6 Qxd6 24. Qc5 Qf6 25. Qd4 Qg6 26. Rxc7 Re4 27. Qd2 Bh3 28. Rcc1 h5 29. Nc5 Re7 30. Bd3 Rxe1+ 31. Rxe1 Qc6 32. Ne4 f5 33. Qg5 fxe4 34. Bxe4 Qf6 35. Qxf6 Rxf6 36. Rd1 Kf8 37. f3 Ke7 38. Kf2 Nc4 39. Rd5 g6 40. Rg5 Kf7 41. Rc5 Nd6 42. Bd5+ Kf8 43. Rc7 Nc8 44. Ke3 Nb6 45. Be4 a6 46. Kd4 Nd7 47. b4 Rb6 48. g4 hxg4 49. Rxd7 g3 50. Ke3 Bxd7 0-1

[Event "Sydney NSW op"]
[Site "Sydney"]
[Date "2019.06.09"]
[Round "5"]
[White "Bjelobrk, Igor"]
[Black "Lane, Gary William"]
[Result "1-0"]
[WhiteElo "2397"]
[BlackElo "2364"]
[PlyCount "95"]
[EventDate "2019.06.08"]
[EventType "swiss"]
[EventRounds "7"]
[EventCountry "AUS"]
[SourceTitle "CBM 190 Extra"]
[Source "ChessBase"]
[SourceDate "2019.07.15"]
[SourceVersion "1"]
[SourceVersionDate "2019.07.15"]
[SourceQuality "1"]

1. d4 d5 2. c4 dxc4 3. e4 e5 4. Nf3 exd4 5. Bxc4 Nc6 6. 0-0 Bc5 7. Ng5 Nh6 8. Nxf7 Nxf7 9. Bxf7+ Kxf7 10. Qh5+ g6 11. Qxc5 Re8 12. Nd2 Kg7 13. b3 Qf6 14. Bb2 b6 15. Qc4 Bb7 16. Rac1 Rad8 17. b4 Ne5 18. Qb3 Rd7 19. f4 Nf7 20. Qa4 Qd6 21. Rc4 Qe6 22. Rxd4 Rxd4 23. Bxd4+ Kg8 24. f5 gxf5 25. exf5 Qe2 26. Rf2 Qe1+ 27. Nf1 Rd8 28. Bb2 Qe4 29. Qb3 Rd3 30. Qe6 Rd1 31. Qb3 Rd3 32. Qc2 Ng5 33. Re2 Nh3+ 34. Kh1 Qxf5 35. Ne3 Qg6 36. Be5 Be4 37. Bg3 h5 38. Qxc7 b5 39. Qc8+ Kh7 40. Qxh3 Bc6 41. Kg1 Kg8 42. Qf5 Be4 43. Qxg6+ Bxg6 44. Be5 Kf7 45. Kf2 Ke6 46. Bb2 Kd6 47. Bc1 Kc6 48. Rd2 1-0

[Event "Sydney op"]
[Site "Sydney"]
[Date "2019.04.27"]
[Round "8"]
[White "Lane, Gary William"]
[Black "Song, Raymond"]
[Result "0-1"]
[WhiteElo "2357"]
[BlackElo "2329"]
[PlyCount "82"]
[EventDate "2019.04.24"]
[EventType "swiss"]
[EventRounds "9"]
[EventCountry "AUS"]
[SourceTitle "CBM 190 Extra"]
[Source "ChessBase"]
[SourceDate "2019.07.15"]
[SourceVersion "1"]
[SourceVersionDate "2019.07.15"]
[SourceQuality "1"]

1. e4 e5 2. Nf3 Nc6 3. Bb5 Nf6 4. d3 Bc5 5. c3 0-0 6. 0-0 d6 7. Nbd2 a6 8. Ba4 b5 9. Bc2 Bb6 10. a4 Be6 11. b4 h6 12. h3 d5 13. Bb2 Qd7 14. Nb3 Rad8 15. exd5 Nxd5 16. Nc5 Bxc5 17. bxc5 Nf4 18. Ne1 e4 19. d4 Bc4 20. Bxe4 Bxf1 21. Kxf1 Ne7 22. Qf3 Neg6 23. g3 Nd5 24. h4 Nge7 25. Bc2 Qh3+ 26. Kg1 f5 27. Bd3 f4 28. Bf1 Qe6 29. Nd3 fxg3 30. Qxg3 Nf5 31. Qh3 Qg6+ 32. Bg2 Nxh4 33. Ne5 Qxg2+ 34. Qxg2 Nxg2 35. Kxg2 Rf5 36. axb5 axb5 37. Ra7 Rdf8 38. f3 Ne3+ 39. Kh2 Rh5+ 40. Kg1 Rg5+ 41. Kh2 Rf4 0-1